000 00682nam a2200205Ia 4500
005 20241129111328.0
008 241129s9999||||xx |||||||||||||| ||und||
037 _aREF
040 _aCRL
_beng
_cCRL
041 _aara
_2ara
084 _aL:(P111:4)k 28P6 (RR)
_qCRL
100 _aIbrahim Michel Au.; Farhat Fadi A. Tr.
_9724095
245 0 _aQamoos al mustalhat al-tabiya: Dictionary of Medical terms (English-Arabic)
_cIbrahim Michel Au.; Farhat Fadi A. Tr.
260 _aBeirut, Lebanon
_bDar al-kotob al-ilmiyah
_c2006
300 _a899p.
365 _aINR
_b3648
650 _aMedicine
942 _cREF
_hL:(P111:4)k 28P6 (RR)
999 _c1229950
_d1229950